German Literature Quiz Stats

 Plays Quiz not verified by Sporcle

Challenge
Share
Tweet
Embed
Score 0/30 Timer 08:00
0 Plays Today
Work Author % Correct
Wilhelm Meister's ApprenticeshipJohann Wolfgang von Goethe
91.1%
Death in VeniceThomas Mann
84.5%
The Tin DrumGünter Grass
78.2%
The Maid of OrleansFriedrich Schiller
70.2%
The Caucasian Chalk CircleBertolt Brecht
60.8%
Nathan the WiseGotthold Ephraim Lessing
60.2%
Narcissus and GoldmundHermann Hesse
60.2%
Effi BriestTheodor Fontane
60%
Germany, a Winter's TaleHeinrich Heine
59.1%
In the Penal ColonyFranz Kafka
58.6%
PerfumePatrick Süskind
49.8%
Emil and the DetectivesErich Kästner
49.8%
The PhysicistsFriedrich Dürrenmatt
47.6%
Berlin AlexanderplatzAlfred Döblin
45.5%
The Broken JugHeinrich von Kleist
44.3%
Work Author % Correct
AndorraMax Frisch
42.4%
Danton's DeathGeorg Büchner
38.5%
The Jew's Beech (Die Judenbuche)Annette von Droste-Hülshoff
32%
SimplicissimusHans Jakob Christoffel von Grimmelshausen
30.4%
HyperionFriedrich Hölderlin
28.2%
The WeaversGerhart Hauptmann
26.7%
The Piano Teacher (Die Klavierspielerin)Elfriede Jelinek
25.7%
Hymns to the NightNovalis
24.4%
Green HenryGottfried Keller
21.7%
Storm of Steel (Im Stahlgewitter)Ernst Jünger
18.6%
MalinaIngeborg Bachmann
14.1%
Mozart on the Journey to PragueEduard Mörike
13.4%
Jakob von GuntenRobert Walser
9.9%
The SleepwalkersHermann Broch
9.4%
Purgatory in IngolstadtMarieluise Fleißer
6.1%

You're not logged in!

Compare scores with friends on all Sporcle quizzes.
OR
Log In

You Might Also Like...

Show Comments

Extras

Top Quizzes Today


Score Distribution

Your Account Isn't Verified!

In order to create a playlist on Sporcle, you need to verify the email address you used during registration. Go to your Sporcle Settings to finish the process.

Report this User

Report this user for behavior that violates our Community Guidelines.

Details: